Seleções participantes da Copa do Mundo da FIFA no século XXI - Statistics

Estatísticas Gerais
  • Esse quiz foi jogado 73 vezes
    16 desde o último reset
  • A pontuação média é 58 de 72
Estatísticas das Respostas
Nº de participações Edições Seleção % Correto
7 2002, 2006, 2010, 2014, 2018, 2022, 2026 Alemanha
100%
7 2002, 2006, 2010, 2014, 2018, 2022, 2026 Argentina
100%
7 2002, 2006, 2010, 2014, 2018, 2022, 2026 Brasil
100%
4 2002, 2010, 2018, 2022 Dinamarca
100%
5 2002, 2006, 2014, 2022, 2026 Equador
100%
5 2006, 2010, 2014, 2022, 2026 Holanda
100%
4 2002, 2006, 2010, 2014 Itália
100%
7 2002, 2006, 2010, 2014, 2018, 2022, 2026 Portugal
100%
6 2006, 2010, 2014, 2018, 2022, 2026 Suíça
100%
6 2002, 2010, 2014, 2018, 2022, 2026 Uruguai
100%
3 2002, 2010, 2026 África do Sul
91%
6 2006, 2010, 2014, 2018, 2022, 2026 Austrália
91%
2 2014, 2026 Bósnia e Herzegovina
91%
3 2014, 2018, 2026 Colômbia
91%
1 2010 Coreia do Norte
91%
7 2002, 2006, 2010, 2014, 2018, 2022, 2026 Coreia do Sul
91%
6 2002, 2006, 2014, 2018, 2022, 2026 Croácia
91%
7 2002, 2006, 2010, 2014, 2018, 2022, 2026 Espanha
91%
7 2002, 2006, 2010, 2014, 2018, 2022, 2026 França
91%
7 2002, 2006, 2010, 2014, 2018, 2022, 2026 Inglaterra
91%
7 2002, 2006, 2010, 2014, 2018, 2022, 2026 Japão
91%
3 2018, 2022, 2026 Marrocos
91%
2 2010, 2026 Nova Zelândia
91%
4 2002, 2006, 2018, 2026 Suécia
91%
2 2002, 2026 Turquia
91%
5 2002, 2006, 2018, 2022, 2026 Arábia Saudita
82%
3 2010, 2014, 2026 Argélia
82%
5 2002, 2014, 2018, 2022, 2026 Bélgica
82%
4 2002, 2010, 2014, 2022 Camarões
82%
2 2022, 2026 Canadá
82%
2 2022, 2026 Catar
82%
2 2010, 2014 Chile
82%
1 2002 China
82%
2 2018, 2026 Egito
82%
6 2002, 2006, 2010, 2014, 2022, 2026 Estados Unidos
82%
5 2006, 2010, 2014, 2022, 2026 Gana
82%
2 2010, 2014 Grécia
82%
5 2006, 2014, 2018, 2022, 2026 Irã
82%
1 2018 Islândia
82%
7 2002, 2006, 2010, 2014, 2018, 2022, 2026 México
82%
1 2026 Noruega
82%
4 2002, 2006, 2010, 2026 Paraguai
82%
4 2002, 2006, 2018, 2022 Polônia
82%
1 2026 República Democrática do Congo
82%
3 2002, 2014, 2018 Rússia
82%
5 2002, 2006, 2018, 2022, 2026 Tunísia
82%
1 2006 Angola
73%
4 2006, 2010, 2014, 2026 Costa do Marfim
73%
5 2002, 2006, 2014, 2018, 2022 Costa Rica
73%
1 2026 Curaçao
73%
1 2026 Escócia
73%
1 2010 Eslováquia
73%
2 2002, 2010 Eslovênia
73%
2 2010, 2014 Honduras
73%
1 2026 Jordânia
73%
1 2018 Peru
73%
4 2002, 2018, 2022, 2026 Senegal
73%
1 2006 Sérvia e Montenegro
73%
1 2026 Uzbequistão
73%
1 2026 Áustria
64%
1 2026 Cabo Verde
64%
1 2026 Haiti
64%
1 2026 Irlanda
64%
1 2022 País de Gales
64%
2 2018, 2026 Panamá
64%
2 2006, 2026 República Tcheca
64%
3 2010, 2018, 2022 Sérvia
64%
1 2006 Togo
64%
1 2006 Ucrânia
64%
1 2026 Iraque
55%
4 2002, 2010, 2014, 2018 Nigéria
55%
1 2006 Trinidad e Tobago
55%
Nenhum quiz correspondente encontrado
Distribuição das Pontuações
Porcentagem de Pessoas com Cada Pontuação
Percentil de Números Respondidos
Sua Pontuação Histórica
Você não jogou esse quiz desde o último reset